The woody bamboos (Poaceae: Bambuseae) of Sri Lanka : (Record no. 140713)
[ view plain ]
| 000 -LEADER | |
|---|---|
| fixed length control field | 01546cam2a220032501 4500 |
| 001 - CONTROL NUMBER | |
| control field | mtr02342960 |
| 005 - DATE AND TIME OF LATEST TRANSACTION | |
| control field | 20190823084727.0 |
| 008 - FIXED-LENGTH DATA ELEMENTS--GENERAL INFORMATION | |
| fixed length control field | 880713s1988 dcua b f000 0 eng |
| 010 ## - LIBRARY OF CONGRESS CONTROL NUMBER | |
| LC control number | 88600211 |
| 035 ## - SYSTEM CONTROL NUMBER | |
| System control number | (Sirsi) r54874 |
| 035 ## - SYSTEM CONTROL NUMBER | |
| System control number | (UPRA)mtr02342960 |
| 040 ## - CATALOGING SOURCE | |
| Modifying agency | UPRA |
| 043 ## - GEOGRAPHIC AREA CODE | |
| Geographic area code | a-ce--- |
| 050 0# - LIBRARY OF CONGRESS CALL NUMBER | |
| Classification number | QK1 |
| Item number | .S2747 no. 72 |
| Classification number | QK495.G74 |
| 082 0# - DEWEY DECIMAL CLASSIFICATION NUMBER | |
| Classification number | 581 s |
| -- | 584/.93 |
| Edition number | 19 |
| 100 1# - MAIN ENTRY--PERSONAL NAME | |
| Personal name | Soderstrom, Thomas R. |
| Linkage | A907.1 |
| 245 14 - TITLE STATEMENT | |
| Title | The woody bamboos (Poaceae: Bambuseae) of Sri Lanka : |
| Remainder of title | a morphological-anatomical study / |
| Statement of responsibility, etc. | Thomas R. Soderstrom and Roger P. Ellis. |
| 260 ## - PUBLICATION, DISTRIBUTION, ETC. | |
| Place of publication, distribution, etc. | Washington, DC : |
| Name of publisher, distributor, etc. | Smithsonian Institution Press, |
| Date of publication, distribution, etc. | 1988. |
| 440 #0 - SERIES STATEMENT/ADDED ENTRY--TITLE | |
| Title | Smithsonian contributions to botany ; |
| Volume/sequential designation | 72 |
| Linkage | S1367.1 |
| 500 ## - GENERAL NOTE | |
| General note | Shipping list no.: 89-43-P. |
| 504 ## - BIBLIOGRAPHY, ETC. NOTE | |
| Bibliography, etc. note | Bibliography: p. 74-75. |
| 650 #0 - SUBJECT ADDED ENTRY--TOPICAL TERM | |
| Topical term or geographic name entry element | Bamboo -- Sri Lanka -- Classification. |
| Geographic subdivision | Bamboo -- Sri Lanka -- Classification. |
| General subdivision | Bamboo -- Sri Lanka -- Classification. |
| Linkage | S9343.1 |
| 650 #0 - SUBJECT ADDED ENTRY--TOPICAL TERM | |
| Topical term or geographic name entry element | Bamboo -- Sri Lanka -- Morphology. |
| Geographic subdivision | Bamboo -- Sri Lanka -- Morphology. |
| General subdivision | Bamboo -- Sri Lanka -- Morphology. |
| Linkage | S9344.1 |
| 650 #0 - SUBJECT ADDED ENTRY--TOPICAL TERM | |
| Topical term or geographic name entry element | Bamboo -- Sri Lanka -- Anatomy. |
| Geographic subdivision | Bamboo -- Sri Lanka -- Anatomy. |
| General subdivision | Bamboo -- Sri Lanka -- Anatomy. |
| Linkage | S9345.1 |
| 650 #0 - SUBJECT ADDED ENTRY--TOPICAL TERM | |
| Topical term or geographic name entry element | Botany -- Sri Lanka -- Classification. |
| Geographic subdivision | Botany -- Sri Lanka -- Classification. |
| General subdivision | Botany -- Sri Lanka -- Classification. |
| Linkage | S9346.1 |
| 700 1# - ADDED ENTRY--PERSONAL NAME | |
| Personal name | Ellis, Roger P. |
| Linkage | A13711.1 |
| 710 2# - ADDED ENTRY--CORPORATE NAME | |
| Corporate name or jurisdiction name as entry element | Smithsonian Institution. Press. |
| Subordinate unit | Smithsonian Institution. Press. |
| Linkage | A864.1 |
| 949 ## - LOCAL PROCESSING INFORMATION (OCLC) | |
| a | QK1 |
| w | lcc |
| i | -70857 |
| m | MAIN |
| t | BOOK |
| l | ON-SHELF |
No items available.